As fadas borboletas e o campo de flores (Record no. 75694)

MARC details
000 -LÍDER
campo de controle de tamanho fixo 00352 a2200133 4500
001 - NÚMERO DE CONTROLE
campo de controle 75694
040 ## - FONTE DA CATALOGAÇÃO
Instituição que transcreveu o registro Anchieta - Colégio São Paulo
100 ## - ENTRADA PRINCIPAL--NOME PESSOAL
Nome pessoal Mira, Ana Paula
240 10 - TÍTULO UNIFORME
Título uniforme As fadas borboletas e o campo de flores
Idioma da obra por
245 10 - TÍTULO
Título As fadas borboletas e o campo de flores
362 0# - DATAS DE PUBLICAÇÃO E/OU DESIGNAÇÃO SEQUENCIAL
Datas de publicação e/ou designação sequencial 2017
650 #4 - ASSUNTO--TERMO TÓPICO
Cabeçalho tópico ou nome geográfico Literatura infanto-juvenil
942 ## - ELEMENTOS DE ENTRADA ADICIONADOS (KOHA)
Tipo de material Koha Livros
Holdings
Situação do descarte Situação das perdas Situação física Não pode ser emprestado Biblioteca de origem Biblioteca atual Data de aquisição Total de empréstimos Número de chamada completo Código de barras Data de último acesso Data do preço efetivo Tipo de material Koha
        Colégio São Paulo Colégio São Paulo 22/11/2023   028.5 M671a 7455/CSP 22/11/2023 22/11/2023 Livros